[Event "St Petersburg Chigorin CC-ch"]
[Site "St Petersburg"]
[Date "2008.05.19"]
[Round "5"]
[White "Gratsianov, Igor"]
[Black "Anosov, Sergey"]
[Result "0-1"]
[WhiteElo "1879"]
[BlackElo "2070"]
[PlyCount "64"]
[EventDate "2008.05.13"]
[EventType "swiss"]
[EventRounds "9"]
[EventCountry "RUS"]
[SourceTitle "CBM 124 Extra"]
[Source "ChessBase"]
[SourceDate "2008.07.03"]
[SourceVersion "1"]
[SourceVersionDate "2008.07.03"]
[SourceQuality "1"]

1. e4 Nf6 2. e5 Nd5 3. d4 d6 4. c4 Nb6 5. exd6 cxd6 6. Nc3 g6 7. Nf3 Bg7 8. Be2 0-0 9. 0-0 Nc6 10. Bg5 Bg4 11. Re1 h6 12. Bh4 Re8 13. h3 Bxf3 14. Bxf3 Nxc4 15. Nd5 g5 16. Bg3 Nxb2 17. Qb3 Nxd4 18. Qxb7 e6 19. Bh5 Rf8 20. Ne7+ Kh8 21. Rab1 Rb8 22. Qxa7 Nb5 23. Qe3 Qxe7 24. Qf3 Nd4 25. Qa3 Nc4 26. Qd3 Ne5 27. Qd1 Rxb1 28. Qxb1 Qc7 29. Qe4 f5 30. Qb1 Rb8 31. Qd1 f4 32. Bh2 Qc2 0-1

[Event "St Petersburg Chigorin CC-ch"]
[Site "St Petersburg"]
[Date "2008.05.16"]
[Round "4"]
[White "Kharlamov, Igor1"]
[Black "Gratsianov, Igor"]
[Result "0-1"]
[WhiteElo "2009"]
[BlackElo "1879"]
[PlyCount "52"]
[EventDate "2008.05.13"]
[EventType "swiss"]
[EventRounds "9"]
[EventCountry "RUS"]
[SourceTitle "CBM 124 Extra"]
[Source "ChessBase"]
[SourceDate "2008.07.03"]
[SourceVersion "1"]
[SourceVersionDate "2008.07.03"]
[SourceQuality "1"]

1. d4 e6 2. c4 Nf6 3. g3 d5 4. Bg2 c6 5. Nf3 dxc4 6. Ne5 b5 7. 0-0 Bb7 8. a4 a6 9. axb5 axb5 10. Rxa8 Bxa8 11. Nc3 Qb6 12. e4 Nfd7 13. Nf3 Bb4 14. Be3 0-0 15. d5 Bc5 16. dxe6 fxe6 17. Nd4 Re8 18. Bh3 Bxd4 19. Bxd4 c5 20. Be3 Ne5 21. Qh5 Nf7 22. Bxc5 Qc6 23. Bd4 b4 24. Nd5 exd5 25. Bf5 g6 26. Qg4 dxe4 0-1

[Event "St Petersburg Chigorin CC-ch"]
[Site "St Petersburg"]
[Date "2008.05.14"]
[Round "2"]
[White "Eltsov, Valery"]
[Black "Gratsianov, Igor"]
[Result "1-0"]
[WhiteElo "2098"]
[BlackElo "1879"]
[PlyCount "85"]
[EventDate "2008.05.13"]
[EventType "swiss"]
[EventRounds "9"]
[EventCountry "RUS"]
[SourceTitle "CBM 124 Extra"]
[Source "ChessBase"]
[SourceDate "2008.07.03"]
[SourceVersion "1"]
[SourceVersionDate "2008.07.03"]
[SourceQuality "1"]

1. e4 c5 2. Nf3 Nc6 3. d4 cxd4 4. Nxd4 a6 5. c4 Qc7 6. Nc3 e6 7. Be2 Nf6 8. 0-0 Bd6 9. h3 b6 10. Kh1 Bb7 11. Ndb5 axb5 12. Nxb5 Qb8 13. Nxd6+ Kf8 14. Nxb7 Qxb7 15. Bf3 e5 16. Be3 h6 17. b4 Kg8 18. b5 Na5 19. Rc1 Rc8 20. Qa4 Qa8 21. Bxb6 Nb7 22. Qxa8 Rxa8 23. Rc2 Kh7 24. Bc7 Rhe8 25. c5 Re6 26. Bg4 Nxg4 27. hxg4 Rc8 28. b6 Ra8 29. Rd1 Re7 30. Rdd2 Ra4 31. f3 Rb4 32. Bd6 Re6 33. Bf8 Rd4 34. Rxd4 exd4 35. a4 Rc6 36. Rd2 Kg8 37. Be7 Re6 38. Bd6 Na5 39. Rxd4 Nc6 40. b7 Re8 41. Rd1 f6 42. a5 Kf7 43. a6 1-0

[Event "St Petersburg White Nights op"]
[Site "St Petersburg"]
[Date "2005.06.25"]
[Round "8"]
[White "Gratsianov, Igor"]
[Black "Melnikov, Nikolay"]
[Result "1-0"]
[WhiteElo "1906"]
[BlackElo "1847"]
[PlyCount "87"]
[EventDate "2005.06.18"]
[EventType "swiss"]
[EventRounds "9"]
[EventCountry "RUS"]
[SourceTitle "CBM 106 Extra"]
[Source "ChessBase"]
[SourceDate "2005.07.01"]
[SourceVersion "1"]
[SourceVersionDate "2005.07.01"]
[SourceQuality "1"]

1. Nf3 f5 2. d4 g6 3. c4 Nf6 4. Nc3 Bg7 5. Bg5 0-0 6. Qb3 c6 7. c5+ Kh8 8. h4 Nh5 9. e3 Qe8 10. Be2 d6 11. cxd6 exd6 12. Nd2 d5 13. Bxh5 gxh5 14. Ne2 Nd7 15. Qd1 h6 16. Bf4 Nf6 17. Nf1 Qe7 18. Neg3 Qb4+ 19. Qd2 Qxd2+ 20. Nxd2 Bd7 21. Be5 Rae8 22. Nb3 b6 23. Bxf6 Bxf6 24. Nxh5 Be7 25. Nf4 Bb4+ 26. Kd1 Rf6 27. h5 Kh7 28. g3 Rg8 29. Nd2 Bxd2 30. Kxd2 Be8 31. Rac1 Rg5 32. Rc3 a5 33. a4 Rd6 34. Rb3 c5 35. dxc5 bxc5 36. Rb8 Bxa4 37. Ra1 Bc6 38. Rxa5 d4 39. Rxc5 dxe3+ 40. Kxe3 Be4 41. Rcc8 Kg7 42. Rc7+ Kf6 43. Rf8+ Ke5 44. Re7+ 1-0

[Event "St Petersburg White Nights op"]
[Site "St Petersburg"]
[Date "2005.06.21"]
[Round "4"]
[White "Orlov, Anatoly"]
[Black "Gratsianov, Igor"]
[Result "0-1"]
[WhiteElo "2102"]
[BlackElo "1906"]
[PlyCount "96"]
[EventDate "2005.06.18"]
[EventType "swiss"]
[EventRounds "9"]
[EventCountry "RUS"]
[SourceTitle "CBM 106 Extra"]
[Source "ChessBase"]
[SourceDate "2005.07.01"]
[SourceVersion "1"]
[SourceVersionDate "2005.07.01"]
[SourceQuality "1"]

1. e4 c5 2. g3 e6 3. Bg2 d6 4. d3 Bd7 5. f4 Bc6 6. Nf3 Qc7 7. 0-0 Nd7 8. Be3 Rc8 9. Nbd2 a6 10. c3 Be7 11. h3 h5 12. Bf2 Rd8 13. d4 Ngf6 14. Re1 b6 15. Ng5 e5 16. fxe5 dxe5 17. d5 Bb7 18. c4 Nf8 19. Qa4+ N6d7 20. Ndf3 Ng6 21. h4 0-0 22. Qd1 Nf6 23. Nh2 Nh8 24. Bf3 g6 25. g4 hxg4 26. Nxg4 Nxg4 27. Bxg4 Bc8 28. Bxc8 Qxc8 29. Kg2 Bxg5 30. hxg5 f6 31. Bg3 Nf7 32. gxf6 Ng5 33. Rh1 Rxf6 34. Rh4 Nf3 35. Qxf3 Rxf3 36. Kxf3 g5 37. Rh6 Rf8+ 38. Kg2 Qg4 39. Re1 Rf3 40. Rh3 Rd3 41. Rf1 Qxe4+ 42. Kh2 Qxc4 43. Rf2 Qg4 44. d6 e4 45. d7 Qxd7 46. Rh6 Rd2 47. Rxd2 Qxd2+ 48. Kh3 g4+ 0-1

[Event "St Petersburg Chigorin CC-ch"]
[Site "St Petersburg"]
[Date "2005.05.21"]
[Round "6"]
[White "Nikolaev, Vadim S"]
[Black "Gratsianov, Igor"]
[Result "1-0"]
[WhiteElo "2201"]
[BlackElo "1906"]
[PlyCount "105"]
[EventDate "2005.05.16"]
[EventType "swiss"]
[EventRounds "9"]
[EventCountry "RUS"]
[SourceTitle "EXT 2006"]
[Source "ChessBase"]
[SourceDate "2005.11.24"]
[SourceVersion "1"]
[SourceVersionDate "2005.11.24"]
[SourceQuality "1"]

1. d4 c5 2. dxc5 Qa5+ 3. Nc3 Qxc5 4. e4 a6 5. Nf3 e6 6. Be2 d6 7. 0-0 Nd7 8. Bf4 Ngf6 9. a4 Be7 10. Qd2 0-0 11. Rfd1 e5 12. Bg5 h6 13. Be3 Qc7 14. Ne1 b6 15. f3 Bb7 16. Rac1 Rfd8 17. Nd5 Bxd5 18. exd5 Nc5 19. b3 e4 20. f4 Qd7 21. h3 Nh7 22. Kh2 Kh8 23. g3 f5 24. Ng2 Bf6 25. Bf2 Rg8 26. Rg1 g6 27. Bd4 Qg7 28. Bxf6 Nxf6 29. Ne3 Rab8 30. Nc4 Ne8 31. Rg2 b5 32. axb5 axb5 33. Na5 Nc7 34. Nc6 Rbe8 35. Qd1 g5 36. Bf1 Qf6 37. b4 Na4 38. Qd4 Qxd4 39. Nxd4 gxf4 40. gxf4 Rxg2+ 41. Bxg2 Rf8 42. c4 bxc4 43. Rxc4 Nxd5 44. Ne2 Rb8 45. Rd4 Rb5 46. Kg3 Nab6 47. h4 Rxb4 48. Rxb4 Nxb4 49. Bh3 N6d5 50. Bxf5 Nf6 51. Kf2 d5 52. Ke3 Nc2+ 53. Kd2 1-0

[Event "St Petersburg Chigorin CC-ch"]
[Site "St Petersburg"]
[Date "2005.05.20"]
[Round "5"]
[White "Gratsianov, Igor"]
[Black "Kuzevanova, Evgenia"]
[Result "1/2-1/2"]
[WhiteElo "1906"]
[BlackElo "2124"]
[PlyCount "116"]
[EventDate "2005.05.16"]
[EventType "swiss"]
[EventRounds "9"]
[EventCountry "RUS"]
[SourceTitle "EXT 2006"]
[Source "ChessBase"]
[SourceDate "2005.11.24"]
[SourceVersion "1"]
[SourceVersionDate "2005.11.24"]
[SourceQuality "1"]

1. Nf3 Nf6 2. e3 g6 3. d4 Bg7 4. c4 0-0 5. Nc3 d5 6. cxd5 Nxd5 7. Be2 Nxc3 8. bxc3 c5 9. 0-0 cxd4 10. cxd4 Nc6 11. Rb1 b6 12. Ba3 Bb7 13. Bb5 Na5 14. Qe2 a6 15. Bd3 b5 16. Rfc1 Re8 17. Rd1 Rc8 18. Bb4 Nc6 19. Bc5 e5 20. dxe5 Nxe5 21. Be4 Nxf3+ 22. Bxf3 Bxf3 23. Qxf3 Qa5 24. Bd4 Qxa2 25. Bxg7 Kxg7 26. h4 h5 27. Qg3 Rc6 28. Qf4 Qe6 29. Rd4 Rc4 30. Rxc4 Qxc4 31. Qxc4 bxc4 32. Rb6 Re6 33. Rb1 Rc6 34. Kf1 Kf6 35. Ke2 Kf5 36. f3 Ke5 37. Kd2 Kd5 38. Kc3 f6 39. Rb8 Ke5 40. Rd8 Kf5 41. Rd5+ Ke6 42. Rd8 Ke7 43. Rd4 Ke6 44. Re4+ Kd5 45. Rd4+ Ke5 46. Rd8 Re6 47. e4 Rc6 48. Rg8 a5 49. Rxg6 Rd6 50. Rg8 Rd3+ 51. Kc2 Kd4 52. Rh8 Ke3 53. Rxh5 a4 54. Ra5 Rd2+ 55. Kc3 Rxg2 56. Rxa4 Kxf3 57. Rxc4 Rh2 58. Rc6 Rxh4 1/2-1/2